Rutes literàries pels parcs naturals / Xarxa de Parcs Naturals de la Diputació de Barcelona
Publicado:
Barcelona :
Diputació de Barcelona. Àrea d'Espais Naturals, Xarxa de Parcs Naturals ,
2011
Descripción Física:
1 díptic ; 21 cm
MARC
| LEADER | 00000nam a2200000Ia 4500 | ||
|---|---|---|---|
| 001 | 23295 | ||
| 008 | 160829s2011 xx 000 0 cat d | ||
| 080 | |a FU-59-92 | ||
| 110 | 1 | |a Barcelona (Catalunya : Província). |b Xarxa de Parcs Naturals |9 7250 | |
| 245 | |a Rutes literàries pels parcs naturals / Xarxa de Parcs Naturals de la Diputació de Barcelona | ||
| 260 | |a Barcelona : |b Diputació de Barcelona. Àrea d'Espais Naturals, Xarxa de Parcs Naturals, |c 2011 | ||
| 300 | |a 1 díptic ; |c 21 cm | ||
| 590 | |a Primavera 2011 (6a ed.). | ||
| 590 | |a Hi ha el cartell a la Calaixera D | ||
| 650 | 0 | |a Parcs Naturals |z Barcelona (Catalunya : Província) |v Guies |9 50316 | |
| 710 | |a Barcelona (Catalunya : Província). |b Àrea d'Espais Naturals |9 9050 | ||
| 901 | |a Arxiu | ||
| 942 | |n 1 | ||
| 952 | |0 0 |1 0 |4 0 |6 FU5992 |7 1 |9 54736 |a Arxiu |b Arxiu |d 2011-10-31 |l 0 |o FU-59-92 |p 23295 |r 2016-12-01 00:00:00 |w 2016-12-01 |y ARXIU | ||
| 999 | |c 58605 |d 58605 | ||